• 首页
  • 本馆介绍
  • 公告通知
  • 最新文献
  • 馆藏检索
  • 电子资源
  • 读者导购
  • 参考咨询
  • 我的图书馆
  • 登录
  • 详细信息显示
  • 放入我的书架
  • 预约/预借图书
  • 作者相关作品
  • 分类相关作品
  • 丛书相关作品
  • 出版社相关作品

书目信息

  • 表格格式
  • 工作单格式
  • 卡片格式
题名:
美丽的失误
    
 
作者: 青闰 主编
分册:  
出版信息: 西安   西安交通大学出版社  1999
页数: 271页
开本: 20cm
丛书名: 英语温馨夜读
单 册:
中图分类: H159
科图分类:
主题词: 汉语--翻译
电子资源:
ISBN: 7-5605-1081-7
000 00613nam0 2200229 450
001 0735984344
005 20070717164008.00
010    @a7-5605-1081-7@dCNY10.00
100    @a20070716d1999 km y0chiy0120 ea
101 0  @achi
102    @aCN@b610000
200 1  @a美丽的失误@Amei li de shi wu@f青闰主编@Fqing run zhu bian
210    @a西安@c西安交通大学出版社@d1999
215    @a271页@d20cm
225 2  @a英语温馨夜读
300    @a英汉对照
410  0 @12001 @a英语温馨夜读
606 0  @a汉语@x翻译
690    @aH159@v3
701  0 @a青闰@Aqing run@4主编
801  0 @aCN@bPFT@c20070717
905    @a10447@dH159@e412
    
    美丽的失误/青闰主编.-西安:西安交通大学出版社,1999
    271页;20cm.-(英语温馨夜读)
    英汉对照
    
    ISBN 7-5605-1081-7:CNY10.00
    
●
相关链接 在E读中查询图书 在五车中查询图书 在当当中查询图书 在豆瓣中查询图书


正题名:美丽的失误     索取号:H159/412         预约/预借

序号 登录号 条形码 馆藏地/架位号 状态 备注
1 0779651   207796517   第二样本阅览室/ [索取号:H159/412] 在馆    
唐山师范学院图书馆 欢迎您!
大连网信软件有限公司© 版权所有